Short manuals for distance laboratories of PEMCWebLab : (English version) /

Korporativní autor: E-learning Distance Interactive Practical Education (projekt)
Další autoři: Bauer, Pavol, 1961-, Fedák, Viliam, Vítek, Ondřej, 1979-
Jazyk: Angličtina
Vydáno: Brno : Akademické nakladatelství CERM, 2008
Vydání: 1st ed.
Témata:
Fyzický popis: 145 s. : il. ; 30 cm
Knihy
Uloženo v:
LEADER 02390nam a2200625 a 4500
001 nkc20091931358
003 CZ PrNK
005 20090826143830.0
007 ta
008 090527s2008 xr a e 000 0 eng
015 |a cnb001931358 
020 |a 978-80-7204-625-6  |q (brož.) 
035 |a (OCoLC)433004417 
040 |a BOA001  |b cze  |d ABA001 
043 |a e------ 
072 7 |a 621.3  |x Elektrotechnika  |2 Konspekt  |9 19 
080 |a 621.3  |2 MRF 
080 |a 621:004.896  |2 MRF 
080 |a 001.891.5  |2 MRF 
080 |a 004.946  |2 MRF 
080 |a 378  |2 MRF 
080 |a 005.591  |2 MRF 
080 |a (4)  |2 MRF 
080 |a (062.552)  |2 MRF 
245 0 0 |a Short manuals for distance laboratories of PEMCWebLab :  |b (English version) /  |c edited by Pavol Bauer, Viliam Fedak, Ondrej Vitek 
250 |a 1st ed. 
260 |a Brno :  |b Akademické nakladatelství CERM,  |c 2008 
300 |a 145 s. :  |b il. ;  |c 30 cm 
500 |a "This work has been performed within the project Elearning Distance Interactive Practical Education (EDIPE)..." 
504 |a Obsahuje bibliografie 
650 0 7 |a elektrotechnika  |7 ph114460  |2 czenas 
650 0 7 |a mechatronika  |7 ph122728  |2 czenas 
650 0 7 |a vědecké pokusy  |7 ph137840  |2 czenas 
650 0 7 |a virtuální přístroje  |7 ph257170  |2 czenas 
650 0 7 |a vysoké školy  |7 ph116649  |z země Evropské unie  |2 czenas 
650 0 7 |a programy a projekty  |7 ph255086  |2 czenas 
650 0 9 |a electric engineering  |2 eczenas 
650 0 9 |a mechatronics  |2 eczenas 
650 0 9 |a scientific experiments  |2 eczenas 
650 0 9 |a virtual instrumentation  |2 eczenas 
650 0 9 |a universities and colleges  |z European Union countries  |2 eczenas 
650 0 9 |a programs and projects  |2 eczenas 
655 7 |a sborníky  |7 fd724344  |2 czenas 
655 9 |a papers  |2 eczenas 
700 1 |a Bauer, Pavol,  |d 1961-  |7 mzk2008442780  |4 edt 
700 1 |a Fedák, Viliam  |7 jx20051217033  |4 edt 
700 1 |a Vítek, Ondřej,  |d 1979-  |7 mzk2009517530  |4 edt 
710 2 |a E-learning Distance Interactive Practical Education (projekt)  |7 kn20090701007 
910 2 |a BOA001  |b 4-1225.434 
928 9 |a CERM 
990 |a BK 
995 |a 01 
991 |b 200907  |c NOV  |j 621.3 SHO 
996 6 |b 2610382455  |c 4-1225.434  |l MZK  |r Sklad / do 1 hodiny  |n 0  |p p.v.  |w 000945634  |u 000010  |a 1  |e BOA001  |j MZK50  |s P 
996 7 |b 2610382456  |c 4-1225.434  |l MZK  |r Sklad / do 1 hodiny  |n 0  |p p.v.  |w 000945634  |u 000020  |a 1  |e BOA001  |j MZK50  |s A